Christian Denominations - Statistics

General Stats
  • This quiz has been taken 292 times
  • The average score is 7 of 12
Answer Stats
Answer % Correct
Catholic
97%
Baptist
85%
Lutheran
81%
Anglican
72%
Methodist
66%
EO | Eastern Orthodox
64%
Presbyterian
60%
Pentecostal
47%
OO | Oriental Orthodox
42%
Non-Denomination | nondenomination
28%
Assyrian Church of the East | Church of the East | Assyrian Church
20%
Seventh Day Adventist | SDA
15%
No matching quizzes found
Score Distribution
Percent of People with Each Score
Percentile by Number Answered
Your Score History
You have not taken this quiz